|
|
|
|
| LEADER |
00000cam a2200000 a 4500 |
| 001 |
vtls008916482 |
| 003 |
SK-MaSNL |
| 005 |
20260301022732.0 |
| 008 |
061213s1992 xr f np 000 0 slo |
| 015 |
|
|
|a SNBA1992
|
| 020 |
|
|
|a 8020603328
|q (brož.)
|
| 035 |
|
|
|a LMAOSK15428
|
| 040 |
|
|
|a SNK
|b slo
|c SNK
|e AACR2
|
| 041 |
0 |
|
|a slo
|
| 044 |
|
|
|a xr
|c CZ
|
| 072 |
|
7 |
|a 34
|x Právo
|2 konspekt
|
| 072 |
|
7 |
|a 37.016
|x Učebné osnovy. Vyučovacie predmety. Učebnice
|2 konspekt
|
| 080 |
|
|
|a 34
|2 2011
|
| 080 |
|
|
|a (075.3)
|2 2011
|
| 080 |
|
|
|a 373/378:355
|2 2011
|
| 080 |
|
|
|a 37.091:355/359
|2 2011
|
| 245 |
0 |
0 |
|a Študijné materiály pre výučbu práva na vojenských stredných školách
|c kolektív
|
| 250 |
|
|
|a 1. vyd.
|
| 260 |
|
|
|a Praha
|b Naše vojsko
|c 1992
|
| 300 |
|
|
|a 192 s.
|c 21 cm
|
| 504 |
|
|
|a Obsahuje bibliografiu
|
| 521 |
8 |
|
|a Pre vojenské stredné školy
|
| 650 |
0 |
7 |
|a právo
|2 SNKPH
|9 976
|
| 650 |
0 |
7 |
|a vojenské školy
|2 SNKPH
|9 69042
|
| 650 |
0 |
7 |
|a vojenské školstvo
|2 SNKPH
|9 71019
|
| 655 |
|
7 |
|a učebnice stredných škôl
|2 SNKPH
|9 69323
|
| 700 |
1 |
|
|a Švec, Ivan
|4 aut
|9 313915
|
| 700 |
1 |
|
|a Ďurčovič, Imrich
|4 aut
|9 313916
|
| 700 |
1 |
|
|a Fekiač, Karol
|4 aut
|9 313917
|
| 852 |
|
|
|a Slovenská národná knižnica
|
| 919 |
|
|
|a 80-206-0332-8
|
| 954 |
|
|
|a odborná, vedecká literatúra pôvodná (slovenská)
|2 lita
|
| 958 |
|
|
|a NB
|
| 999 |
|
|
|c 567838
|d 569768
|
| 952 |
|
|
|a SNK
|b SNK
|y PREZ
|7 0
|p 17A1480450
|o snkSC 196970
|i snk2022/4451
|8 7
|0 0
|1 0
|4 0
|d 2022-03-22
|f 1
|l 0
|r 2026-02-23 14:03:57
|w 2026-02-23
|
| 952 |
|
|
|a SNK
|b SNK
|y VYP
|7 0
|p 17A1480451
|o snkSC 196970 D1
|i snk2022/4453
|8 7
|0 0
|1 0
|4 0
|d 2022-03-22
|l 0
|r 2026-02-23 14:03:57
|w 2026-02-23
|